000 00678nam a2200229 i 4500
001 bg
100 1 _aGRADOWSKI, Michał
245 1 0 _aSłownik uzbrojenia historycznego /
_cMichał Gradowski, Zdzisław Żygulski jun.
260 _aWarszawa :
_bWydaw. Naukowe PWN,
_c1998.
300 _aIX, [3] s., 184, [4] s., 32 s. fot. kolor. :
_brys. ;
_c20 cm.
504 _aIndeks.
650 9 _aBroń
_xhistoria
_y10-19 w.
655 _aEncyklopedie
700 1 _aŻYGULSKI, Zdzisław
_c(jun. ;
_d1921- )
020 _a8301123907
040 _cBPK
041 0 _apl
080 _a623.4(03)
920 _a83-01-12390-7
942 _cKS
008 s pl f |000 0 pol
999 _c34283
_d34283
856 _uhttp://koha.tu.koszalin.pl/cgi-bin/koha/opac-detail.pl?biblionumber=34283
_yKatalog online BPK